000 00740nam a2200265 i 4500
001 C2-0289937
003 PPAK
005 20180728022549.0
008 080922s2008 my |||| ||||| | may d
020 _a9789833299225
040 _aPPAK
_beng
_cPPAK
_erda
082 0 4 _a351.595
_223
090 0 0 _a351.595
_bMOK
_dR
100 1 _aMok, Soon Sang,
_eauthor
245 1 0 _aP.T.K. kompetensi umum (profesional)
264 1 _aPuchong, Selangor :
_bMultimedia Resources ,
_c2008
300 _a(8), 528 pages ;
_c22 cm
336 _2rdacontent
_atext
337 _2rdamedia
_aunmediated
338 _2rdacarrier
_avolume
490 1 _aSiri pendidikan
650 1 0 _aCivil service - Malaysia.
830 0 _aSiri pendidikan
942 _ddc
_cB
999 _c95244
_d95244